000 00461nam a2200181Ia 4500
003 GCL
008 140319s9999 xx 000 0 eng d
040 _aGCL /
_cGCL
082 0 4 _a005.3
_bH Q
100 1 _aHARRIS,ARNO
245 1 0 _aTHE QUIKTIME HOW TO BOOK /
_cHARRIS,ARNO
700 1 _aMILLER,SAM
260 _a[S.N] :
_bSYBEX ،
_c1993
300 _a411 PP
650 0 4 _aMEDIA PROGRAMS (EDUCATION)
650 0 4 _aQUICK TIME (PROGRAME)
942 _2ddc
_cBK
999 _c16646
_d16646